Normal view
MARC view
- Escuelas primarias
Entry Materia
001 - NÚMERO DE CONTROL DEL REGISTRO
- campo de control: 4164
003 - IDENTIFICADOR DE NUMERO DE CONTROL
- campo de control: MX-MxUPN
005 - FECHA Y HORA DE LA ÚLTIMA TRANSACCIÓN
- campo de control: 20240923155630.0
008 - DATOS DE LONGITUD FIJA
- campo de control de longitud fija: 240923n| acnnnbabn | ana |d
035 ## - NÚMERO DE CONTROL DEL SISTEMA
- Número de control del sistema: UPN10000004164
040 ## - FUENTE DE LA CATALOGACIÓN
- Centro catalogador de origen: MX-MxUPN
- Lengua de catalogación: spa
- Agencia de transcripción: MX-MxUPN
150 ## - ENCABEZAMIENTO - TEMÁTICO
- Término de materia o nombre geográfico como elemento inicial: Escuelas primarias
670 ## - FUENTE EN LA QUE SE LOCALIZARON DATOS
- Cita de la fuente: E
- Información localizada: Escuelas secundarias
902 ## - CATALOGADOR
- Catalogador: MMA/280197
